Handbook of VISA Information (Record no. 86671)

MARC details
000 -LEADER
fixed length control field 00481nam a2200205Ia 4500
008 - FIXED-LENGTH DATA ELEMENTS--GENERAL INFORMATION
fixed length control field 230125s9999 xx 000 0 und d
020 ## - INTERNATIONAL STANDARD BOOK NUMBER
International Standard Book Number 81-7274-611-3
041 ## - LANGUAGE CODE
Language code of text/sound track or separate title eng
082 ## - DEWEY DECIMAL CLASSIFICATION NUMBER
Classification number 050
Item number JAI
100 ## - MAIN ENTRY--PERSONAL NAME
Personal name Jain N K
9 (RLIN) 109997
245 ## - TITLE STATEMENT
Title Handbook of VISA Information
250 ## - EDITION STATEMENT
Edition statement 1st Ed.
260 ## - PUBLICATION, DISTRIBUTION, ETC. (IMPRINT)
Date of publication, distribution, etc. 2007
Name of publisher, distributor, etc. Nabhi Pub
Place of publication, distribution, etc. New Delhi
300 ## - PHYSICAL DESCRIPTION
Extent 991p
500 ## - GENERAL NOTE
Keywords VISA
650 ## - SUBJECT ADDED ENTRY--TOPICAL TERM
Topical term or geographic name as entry element General
700 ## - ADDED ENTRY--PERSONAL NAME
Personal name Jain N K
9 (RLIN) 109997
906 ## - LOCAL DATA ELEMENT F, LDF (RLIN)
b 134
Holdings
Withdrawn status Lost status Damaged status Not for loan Home library Current library Date acquired Vendor Cost, normal purchase price Bill number Full call number Barcode Date last seen Cost, replacement price Bill Date Koha item type Original Barcode
      Reference Smt. Hiraben Nanavati Institute of Management & Research for Women Smt. Hiraben Nanavati Institute of Management & Research for Women 09/04/2007 Enbee Law Books Agency 895.00 18996 050 JAI B05814 HIMR-BK-5814 25/01/2023 761.00 09/04/2007 Books B05814